000
00320nam a22001457a 4500
008
230901b ||||| |||| 00| 0 eng d
020
_a
9780198519737
041
_a
eng
080
_a
159.9
082
_a
159.9PEN
100
_a
25
101
_a
PSI
245
_a
THE EMPEROR'S NEW MIND
_c
PENROSE .R
942
_2
udc
_c
BK
999
_c
60247
_d
60247